Missing Word: Summer Song Words Quiz Stats

Quiz Updated Aug 10, 2016

Challenge
Share
Tweet
Embed
Score 0/20 Timer 04:00
0 Plays Today
Hint Missing Word % Correct
4th of _____ (Fireworks)July
92.9%
_____ n ColdHot
90.6%
_____ U.S.A.Surfin'
79.9%
Castles Made of _____Sand
79.3%
Green, Green _____ of HomeGrass
71.8%
You Make Loving _____Fun
62.9%
Happiness Is a _____ GunWarm
55.1%
_____ Rock AnthemParty
54.6%
Rockaway _____Beach
53%
Time of the _____Season
46.7%
Hint Missing Word % Correct
Permanent _____Vacation
46.6%
_____ at NightSunglasses
39.6%
I'm on a _____Boat
36.6%
_____ AfternoonSunny
34.7%
Twisting by the _____Pool
34%
_____ Pools (Drank)Swimming
33.7%
I Sat by the _____Ocean
32.4%
_____ in CambodiaHoliday
22.7%
_____, Take It EasyRelax
15.9%
_____ ManWatermelon
6.9%

Today's Daily Dose

Missing Word
1998 A-Z Movies

Word Ladder
5 Vowel Sounds

Quick Pick
Legal Terms

On This Day
June 25th II

You're not logged in!

Compare scores with friends on all Sporcle quizzes.
Join for Free
OR
Log In

You Might Also Like...

Show Comments

Extras

Top Quizzes Today


Score Distribution

Your Account Isn't Verified!

In order to create a playlist on Sporcle, you need to verify the email address you used during registration. Go to your Sporcle Settings to finish the process.

Report this User

Report this user for behavior that violates our Community Guidelines.

Details: